POSITIF, N.475 (SETTEMBRE 2000) (Record n. 202342)

Dettagli MARC
000 -LEADER
fixed length control field 01019nas a2200277Ia 4500
001 - CONTROL NUMBER
control field R029/G5699
003 - CONTROL NUMBER IDENTIFIER
control field IT-RoPAU
008 - FIXED-LENGTH DATA ELEMENTS--GENERAL INFORMATION
fixed length control field 151124c99999999xx |||||||||||| ||und||
040 ## - CATALOGING SOURCE
Original cataloging agency IT-RoPAU
040 ## - CATALOGING SOURCE
Transcribing agency IT-RoPAU
041 ## - LANGUAGE CODE
Language code of text/sound track or separate title FRANCESE
100 ## - MAIN ENTRY--PERSONAL NAME
Personal name Chion Michel
Miscellaneous information Codice Aut. SPICS: 10243
210 ## - ABBREVIATED TITLE
Abbreviated title POSITIF
222 ## - KEY TITLE
Key title Positif
245 ## - TITLE STATEMENT
Title POSITIF, N.475 (SETTEMBRE 2000)
Remainder of title Dossier: Chefs Operateurs (2): Enjeux Esthetiques Contemporains
250 ## - EDITION STATEMENT
Edition statement 1a ed.
260 ## - PUBLICATION, DISTRIBUTION, ETC. (IMPRINT)
Place of publication, distribution, etc. PARIS
Name of publisher, distributor, etc. JEAN-MICHEL PLACE
Date of publication, distribution, etc. 2000
300 ## - PHYSICAL DESCRIPTION
Extent 36 p. [68-103]
362 ## - DATES OF PUBLICATION AND/OR SEQUENTIAL DESIGNATION
Dates of publication and/or sequential designation N.475 (SETTEMBRE 2000)
501 ## - WITH NOTE
-- Paulus - SPICS - Società San Paolo EM (non-commercial uses only)
-- Copyright2015
500 ## - GENERAL NOTE
General note Dossier Sui Cine-Operatori: Fattori Estetici Contemporanei. Fotografia Nelcinema. Illuminazione. Seguono Tre Interviste e Brevi Note su 30 Capi Operatori del Cinema Francese D'Oggi.
650 ## - SUBJECT ADDED ENTRY--TOPICAL TERM
Topical term or geographic name as entry element CINEMA
Form subdivision PUBBLICAZIONE PERIODICA
700 ## - ADDED ENTRY--PERSONAL NAME
Personal name Amiel Vincent
700 ## - ADDED ENTRY--PERSONAL NAME
Miscellaneous information Codice Aut. SPICS: 3626
942 ## - ADDED ENTRY ELEMENTS (KOHA)
Koha item type RIVISTA
Dati di copia
Withdrawn status Lost status Damaged status Not for loan Home library Current library Date acquired Total Checkouts Full call number Date last seen Price effective from Koha item type Public note
    Buone Condizioni Not For Loan SPICS-MEDIATECA SPICS-MEDIATECA 25/11/2015   R029/G5699 25/11/2015 25/11/2015 RIVISTA Progr. Ins: 29881 / Copia rara: NO / date import: 25.11.2015 / By Epidotti, Trombetti, Vaglietti
CREDITS: SOCIETA' SAN PAOLO Via A.Severo, 58 - ROMA (RM) & PERIODICI SAN PAOLO SRL Via Giotto, 36 MILANO & CISF Via Giotto, 36 MILANO & EDIZIONI SAN PAOLO SRL,  Piazza Soncino, 5 CINISELLO BALSAMO (MI) -- ITALY